000 00575nam a2200193 i 4500
001 33973
003 ES-MaACL
005 20230906154843.0
007 t|
008 030203s1968 sp ||||1| spa d
100 1 _aBlanco, Francisco Javier.
_929179
245 1 0 _aDevaluación y crisis económica /
_cpor Francisco Javier Blanco, Javier Landa y Angel Serrano.
250 _a[1ª ed.].
260 _aMadrid :
_bZYX,
_c[1968]
300 _a82 p. ;
_c17 cm.
700 1 _aLanda, Javier.
_969914
700 1 _aSerrano, Angel.
_9105686
852 _aES-MaACL
_jC-36719
_bR.65656
999 _c33973
_d33973